| Tag |
First Indicator |
Second Indicator |
Subfields |
| LEADER |
00000cam a2200000W 4500 |
| 001 |
in00000282918 |
| 005 |
20151010090900.0 |
| 008 |
720918r1971 ii b d 00000 eng |
| 010 |
|
|
|a 76925971
|
| 035 |
|
|
|a (OCoLC)00549432
|
| 035 |
|
|
|9 ABG4926AM
|
| 037 |
|
|
|c Rs70.00
|
| 040 |
|
|
|a DLC
|c DLC
|d TXA
|d UtOrBLW
|
| 043 |
|
|
|a a-ii---
|
| 049 |
|
|
|a TXAM
|c [1025247]
|
| 050 |
0 |
0 |
|a DS405
|b .D4 1971
|
| 082 |
0 |
|
|a 915.4/003
|
| 100 |
1 |
|
|a Dey, Nundo Lal.
|
| 245 |
1 |
4 |
|a The geographical dictionary of ancient and mediaeval India.
|
| 250 |
|
|
|a [3d ed.].
|
| 264 |
|
2 |
|a New Delhi :
|b Oriental Books Reprint Corp.; exclusively distributed by Munshiram Manoharlal,
|c [1971]
|
| 300 |
|
|
|a ix, 262 pages :
|b folded map. ;
|c 29 cm.
|
| 336 |
|
|
|a text
|b txt
|2 rdacontent
|
| 337 |
|
|
|a unmediated
|b n
|2 rdamedia
|
| 338 |
|
|
|a volume
|b nc
|2 rdacarrier
|
| 500 |
|
|
|a First published in 1899.
|
| 505 |
0 |
|
|a Ancient [and mediaeval] names.--Modern names.
|
| 651 |
|
0 |
|a India
|x Gazetteers.
|
| 999 |
|
|
|a MARS
|
| 999 |
f |
f |
|s 343036bf-b340-36d6-906f-08bc0a0f6ea5
|i cd6b68a4-c2bc-3293-b8bf-62e37ceeba8f
|t 0
|
| 952 |
f |
f |
|p ric
|a Texas A&M University
|b Rellis Campus
|c Joint Library Facility
|d Remote Storage
|t 0
|e DS405 .D4 1971
|h Library of Congress classification
|i unmediated -- volume
|m A14802043598
|
| 998 |
f |
f |
|a DS405 .D4 1971
|t 0
|l Remote Storage
|